<?xml version="1.0" encoding="UTF-8"?>
<record
    xmlns:xsi="http://www.w3.org/2001/XMLSchema-instance"
    xsi:schemaLocation="http://www.loc.gov/MARC21/slim http://www.loc.gov/standards/marcxml/schema/MARC21slim.xsd"
    xmlns="http://www.loc.gov/MARC21/slim">

  <leader>00840nab a2200193 i 4500</leader>
  <controlfield tag="001">190379</controlfield>
  <controlfield tag="003">ES-MaACL</controlfield>
  <controlfield tag="005">20250930063202.0</controlfield>
  <controlfield tag="008">210119s1919    sp a          000 s spa d</controlfield>
  <datafield tag="100" ind1="1" ind2=" ">
    <subfield code="a">Martorell i Terrats, Jeroni, </subfield>
    <subfield code="d">1873-1951</subfield>
    <subfield code="9">170839</subfield>
  </datafield>
  <datafield tag="245" ind1="1" ind2="3">
    <subfield code="a">El patrimonio art&#xED;stico nacional : </subfield>
    <subfield code="b">conferencia en el Ateneo de Madrid / </subfield>
    <subfield code="c">por Jer&#xF3;nimo Martorell.</subfield>
  </datafield>
  <datafield tag="610" ind1="2" ind2="4">
    <subfield code="a">Ateneo de Madrid-</subfield>
    <subfield code="v">Conferencias-</subfield>
    <subfield code="y">1900-1939</subfield>
    <subfield code="9">1907</subfield>
  </datafield>
  <datafield tag="650" ind1=" " ind2="4">
    <subfield code="a">Patrimonio cultural-</subfield>
    <subfield code="z">Espa&#xF1;a.</subfield>
    <subfield code="9">226995</subfield>
  </datafield>
  <datafield tag="710" ind1="2" ind2=" ">
    <subfield code="a">Sociedad Central de Arquitectos</subfield>
    <subfield code="9">134871</subfield>
  </datafield>
  <datafield tag="773" ind1="0" ind2=" ">
    <subfield code="t">Arquitectura : &#xF3;rgano de la Sociedad Central de Arquitectos, </subfield>
    <subfield code="d">Madrid : Colegio Oficial de Arquitectos, </subfield>
    <subfield code="x">ISSN 0211-3376, </subfield>
    <subfield code="g">N. 14, 1919, p. 149-161</subfield>
    <subfield code="0">193443</subfield>
    <subfield code="w">(SpMaBN)193443</subfield>
    <subfield code="9">291</subfield>
  </datafield>
  <datafield tag="942" ind1=" " ind2=" ">
    <subfield code="c">ANAB</subfield>
    <subfield code="2">udc</subfield>
  </datafield>
  <datafield tag="999" ind1=" " ind2=" ">
    <subfield code="c">190379</subfield>
    <subfield code="d">190379</subfield>
  </datafield>
</record>
